01086nam a2200181Ia 4500003000900000008004100009040001600050080002700066111022600093245037200319260006200691300001400753490002400767650004100791650002800832650001900860700002500879IN-BaIIA211028s9999 xx 000 0 eng d cIIA Library a52-14:68.3(082.2)bNRA aWorkshop on the Use of Supercomputers in Observational Astronomy Organised by the National Radio Astronomy Observatory and the Department of Physics and Astronomy of the University of MinnesotacMinneapolisd1985 Nov. 4-6 4aThe use of supercomputers in observational astronomybproceedings of a workshop on the use of supercomputers in observational astronomy organised by the National Radio Astronomy Observatory and the Department of Physics and Astronomy of the University of Minnesota held in Minneapolis on November 4-6, 1985cedited by T. J. Cornwell  aWest VirginiabNational Radio Astronomy Observatoryc1988 aiv, 148p. aNRAO workshop no.15 aAstronomy and astrophysics thesaurus aObservational astronomy aSupercomputers aCornwell, T. J., ed.